De la symphyséotomie (Record no. 162242)

MARC details
000 -LEADER
campo de control de longitud fija 00759nam a22001815i 4500
001 - NÚMERO DE CONTROL
campo de control 162242
003 - IDENTIFICADOR DE NÚMERO DE CONTROL
campo de control ES-MaACL
005 - FECHA Y HORA DE LA ÚLTIMA TRANSACCIÓN
campo de control 20251012195800.0
008 - DATOS DE LONGITUD FIJA--INFORMACIÓN GENERAL
campo de control de longitud fija 021105s1894 sp |||| | fre d
040 ## - FUENTE DE CATALOGACIÓN
Centro catalogador/agencia de origen CCPB | B
Lengua de catalogación spa
Centro/agencia transcriptor CCPB | B
100 1# - ENTRADA PRINCIPAL--NOMBRE DE PERSONA
Nombre de persona Planellas, Alexandre,
Fechas asociadas al nombre 1876-1927
9 (RLIN) 131209
245 10 - MENCIÓN DEL TÍTULO
Título De la symphyséotomie
Resto del título : recherches expérimentales sur l'élargissement, du bassin /
Mención de responsabilidad, etc. par A. Planellas.
260 ## - PUBLICACIÓN, DISTRIBUCIÓN, ETC.
Lugar de publicación, distribución, etc. Barcelona :
Nombre del editor, distribuidor, etc. [s.n.],
Fecha de publicación, distribución, etc. 1894 (
Fabricante imprenta de Heinrich y Ca en comandita)
300 ## - DESCRIPCIÓN FÍSICA
Extensión 15 p. ;
Dimensiones 21 cm.
500 #1 - NOTA GENERAL
Nota general Precede al tít.: "XIe Congrès International de Médecine, Rome 1894"
852 ## - LOCALIZACIÓN
Ubicación ES-MaACL
Número de control de estantería T-856-F-3
Nota libre -- Enc. hol. conservando la cub. original
-- -- Enc. en un vol. facticio
Holdings
Estatus retirado Estado de pérdida Estado de daño No para préstamo Colección Biblioteca de origen Biblioteca actual Ubicación en estantería Fecha de adquisición Total de préstamos Signatura topográfica completa Código de barras Visto por última vez Precio de reemplazo Tipo de ítem Koha
        Colección de folletos Biblioteca del Ateneo de Madrid Biblioteca del Ateneo de Madrid Depósito folletos 17/01/2008   T-856-F-3 1169971 23/02/2023 23/02/2023 Folleto